|
|
|
|
| LEADER |
00000nam0a2200000 4500 |
| 001 |
55921 |
| 005 |
20231031052948.0 |
| 035 |
|
|
|a (RuTPU)RU\TPU\book\58711
|
| 090 |
|
|
|a 55921
|
| 100 |
|
|
|a 20030923d1983 k y0rusy50 ca
|
| 101 |
1 |
|
|a rus
|c pol
|
| 102 |
|
|
|a RU
|
| 105 |
|
|
|a a z 001zy
|
| 200 |
1 |
|
|a Схемы управления и измерения в промышленной электронике
|e пер. с польского
|f М. Казьмерковский, А. Вуйцак
|
| 210 |
|
|
|a Москва
|c Энергоатомиздат
|d 1983
|
| 215 |
|
|
|a 224 с.
|c ил.
|
| 320 |
|
|
|a Библиогр.: с. 221-223
|
| 610 |
1 |
|
|a электроника
|
| 610 |
1 |
|
|a радиоэлектронные схемы
|
| 610 |
1 |
|
|a промышленная электроника
|
| 610 |
1 |
|
|a управление
|
| 610 |
1 |
|
|a цифровая техника
|
| 610 |
1 |
|
|a сигналы
|
| 610 |
1 |
|
|a электронные регуляторы
|
| 610 |
1 |
|
|a электропитание
|
| 675 |
|
|
|a 621.38
|v 3
|
| 675 |
|
|
|a 621.396.6.049
|v 3
|
| 700 |
|
1 |
|a Казьмерковский
|b М.
|g Мариан
|
| 701 |
|
1 |
|a Вуйцак
|b А.
|g Анжей
|
| 801 |
|
1 |
|a RU
|b 63413507
|c 20030923
|g PSBO
|
| 801 |
|
2 |
|a RU
|b 63413507
|c 20150520
|g PSBO
|
| 942 |
|
|
|c BK
|